Rückblick 2021 - Länder zuordnen (Amerika) - Statistiken

Allgemein
  • Dieses Quiz wurde 55 mal gespielt
  • Das Durchschnittsergebnis liegt bei 6 aus 15
Antwortstatistiken
Hint Antwort % Korrekt
Anhänger des amtierenden Präsidenten versuchen nach seiner Rede, durch einen Sturm auf das Parlamentsgebäude, die offizielle Bestätigung des Wahlergebnisses gewaltsam zu verhindern. Vereinigte Staaten
88%
Nach einer Unterhauswahl behält Justin Trudeau seinen Posten als Premierminister. Kanada
77%
Dieses Land verlässt die Britische Krone und wird Republik. Barbados
65%
Mit 7 Gold- und 6 Silbermedaillen wird dieses Land das erfolgreichste Südamerikas bei den Olympischen Spielen. Brasilien
58%
Dieses Land wird Sieger beim Copa América. Argentinien
52%
Das Schiff "Ever Given", das im Suez-Kanal stecken bleibt, trägt die Flagge dieses Landes. Panama
42%
Ausländische Söldner ermorden Präsident Jovenel Moïse. Haiti
38%
55 Migranten aus diesem Land werden auf dem Weg zur mexikanisch-amerikanischen Grenze bei einem Lastwagenunfall getötet. Guatemala
31%
Dieses Land ist das erste Land, das Bitcoin zum gesetzlichen Zahlungsmittel macht. El Salvador
29%
Ein Erdbeben im Südwesten des Landes fordert 13 Tote. Mexiko
25%
Gabriel Boric wird mit 55,9 % der Stimmen zum Präsidenten gewählt. Chile
23%
Es entstehen Proteste gegen die Regierung aufgrund von Medizin- und Nahrungsmittelknappheit. Kuba
23%
Der Geschäftsmann Guillermo Lasso wird Präsident. Ecuador
15%
Pedro Castillo wird der 64. Präsident des Landes. Peru
13%
Dieses Land wird der 38. Mitgliedstaat der OECD. Costa Rica
10%
Keine übereinstimmenden Quizze gefunden
Verteilung der Resultate
Anzahl Personen mit jedem Resultat
Perzentil nach korrekt beantworteten Fragen
Ihre Resultats-Entwicklung
Sie haben dieses Quiz noch nicht gespielt